[Instructions regarding method of property accounting in Quartermaster's Department, and regulations for maintaining stocks of quartermaster's supplies at various posts and stations of U.S. Army within minimum and maximum quantities published in Quartermaster General's Circular 18, 1911; amendment].

Bibliographic Details
Corporate Author: United States. Army. Quartermaster's Department
Format: Government Document eBook
Language:English
Published: [Washington] : [publisher not identified], 1912.
Subjects:
Online Access:Connect to the full text of this electronic document

MARC

Tag First Indicator Second Indicator Subfields
LEADER 00000cam a22000001a 4500
001 in00003699708
005 20190408182106.0
006 m o d f
007 cr bn mmmapmmp
008 141204s1912 dcu o f000 0 eng d
035 |a ebd1910308578 
040 |a UMI  |c UMI  |d UtOrBLW 
086 0 |a W 39.4:912/3 
099 |a W39.4-17.3 
110 1 |a United States.  |b Army.  |b Quartermaster's Department.  |0 http://id.loc.gov/authorities/names/n2002081282 
245 1 0 |a [Instructions regarding method of property accounting in Quartermaster's Department, and regulations for maintaining stocks of quartermaster's supplies at various posts and stations of U.S. Army within minimum and maximum quantities published in Quartermaster General's Circular 18, 1911; amendment]. 
264 1 |a [Washington] :  |b [publisher not identified],  |c 1912. 
300 |a 1 online resource (2 pages) 
336 |a text  |b txt  |2 rdacontent 
337 |a computer  |b c  |2 rdamedia 
338 |a online resource  |b cr  |2 rdacarrier 
533 |a Electronic reproduction.  |b [Bethesda, Md.] :  |c ProQuest,  |d 2014.  |e digital, PDF file.  |n ProQuest U.S. Executive Branch Documents  |n Mode of access: World Wide Web via ProQuest website. 
588 |a Record is based on online resource; title from PDF title page (ProQuest, last viewed Dec. 2014). Reuse except for individual research requires license from ProQuest, LLC. 
500 |a Electronic resource. 
650 0 |a Armed Forces.  |0 http://id.loc.gov/authorities/subjects/sh85007241 
650 0 |a Military supplies.  |0 http://id.loc.gov/authorities/subjects/sh85085299 
650 0 |a Paperwork (Office practice)  |0 http://id.loc.gov/authorities/subjects/sh85097667 
655 7 |a Electronic books.  |2 local 
856 4 0 |u http://proxy.library.tamu.edu/login?url=http://congressional.proquest.com/congressional/docview/t66.d71.w39.4-17.3  |z Connect to the full text of this electronic document  |t 0 
999 f f |s 57270e06-f91a-3141-9de8-1fdc8ccc8d47  |i 5ec77632-d63a-3c33-9d69-64427e1f46e2  |t 0 
952 f f |a Texas A&M University  |b College Station  |c Electronic Resources  |d Available Online  |t 0  |h No information provided 
998 f f |t 0  |l Available Online